| 000 | 01458nam a2200385 a 4500 | ||
|---|---|---|---|
| 001 | 000115793 | ||
| 003 | CHAP | ||
| 005 | 20220329144548.0 | ||
| 008 | 190705s2014 mx a |r| ||||||spa d | ||
| 010 | _a112254 | ||
| 011 | _a113226 | ||
| 020 | _a9786071203595 | ||
| 040 | _cCHAP | ||
| 082 | 0 | 4 |
_a630.70972 _bE56 |
| 111 | 1 | 2 |
_aEncuentro Nacional de Escuelas Campesinas _n(11 : _d2013 : _cTlapacoyan, Veracruz) _9136401 |
| 245 | 1 | 0 |
_aPerspectivas de las escuelas campesinas en México : _bXI encuentro nacional de escuelas campesinas : Tlapacoyan, Veracruz 2013 / _ccoordinado por Luis Morett Alatorre y Adrián Lozano Toledano. |
| 260 |
_aChapingo, Méx. : _bUACH., _c2014. |
||
| 300 |
_a128 P. : _bil. |
||
| 590 |
_aBATCH-UPD _b05 _c20190705 _lUCH01 _h1313 |
||
| 590 |
_aE5765TAJ _b05 _c20190705 _lUCH01 _h1312 |
||
| 590 |
_aE5765TAJ _b05 _c20190705 _lUCH01 _h1356 |
||
| 590 |
_aE5765TAJ _b05 _c20190705 _lUCH01 _h1427 |
||
| 590 |
_aE5765TAJ _b05 _c20190705 _lUCH01 _h1504 |
||
| 590 |
_aE5765TAJ _b05 _c20190705 _lUCH01 _h1528 |
||
| 590 |
_aE5765TAJ _b05 _c20190705 _lUCH01 _h1529 |
||
| 590 |
_aE5765TAJ _b05 _c20190708 _lUCH01 _h0904 |
||
| 650 | 1 | 4 |
_aComunidad y escuela _xCongresos. _926253 |
| 650 | 1 | 4 |
_aEducación agrícola _xCongresos _xMéxico. _935505 |
| 650 | 1 | 4 |
_aEscuelas agrícolas _xCongresos. _937628 |
| 700 | 0 |
_aLozano Toledano, Adrián _ecoord. _968803 |
|
| 700 | 0 |
_aMorett Alatorre, Luis _ecoord. _978762 |
|
| 901 | _aBK | ||
| 942 | _cLIBRO | ||
| 942 | _n0 | ||
| 999 |
_c112254 _d112254 |
||